Blitz: Asia by Any 3 Letters Quiz Stats

 Plays Quiz Updated Mar 27, 2019

Score 0/49 Timer 02:00
11 Plays Today
% Correct
Indonesia
98%
India
97.9%
China
97.3%
Russia
97.1%
Japan
95.2%
Turkmenistan
94.5%
Pakistan
93.5%
United
Arab
Emirates
93.1%
North Korea
92.1%
South Korea
92%
Kazakhstan
91.3%
Saudi Arabia
91%
Afghanistan
90.5%
Iran
89.4%
Iraq
89.2%
Mongolia
88.5%
Turkey
87.9%
Malaysia
87.9%
Uzbekistan
87.3%
Nepal
86.4%
Kyrgyzstan
85.4%
Tajikistan
85%
Thailand
84.2%
Vietnam
83.4%
Israel
83.3%
% Correct
Yemen
82.6%
Lebanon
81.6%
Oman
81.5%
Philippines
81.3%
Cambodia
79.8%
Sri Lanka
79.6%
Laos
78.6%
Maldives
78.3%
Bhutan
77%
Jordan
74.9%
Syria
74.8%
Bangladesh
74%
Taiwan
73%
Palestine
72.8%
Myanmar
72.3%
Singapore
71.1%
Armenia
69.3%
Qatar
66.9%
Georgia
66.6%
Kuwait
66.4%
Azerbaijan
61%
Bahrain
58.3%
Brunei
58.2%
Timor-Leste
56.5%

You're not logged in!

Compare scores with friends on all Sporcle quizzes.
OR
Log In

Sporcle TV

Today on Sporcle TV


Watch our educational content, quiz creation guides, and fun videos on Sporcle TV.

Show Comments

Extras

Top Quizzes Today


Score Distribution

Your Account Isn't Verified!

In order to create a playlist on Sporcle, you need to verify the email address you used during registration. Go to your Sporcle Settings to finish the process.

Report this User

Report this user for behavior that violates our Community Guidelines.

Details: